| 000 | 00000nam##2200000za#4500 |
| 001 | 9.695800 |
| 003 | CaOODSP |
| 005 | 20210624234736 |
| 007 | cr ||||||||||| |
| 008 | 150407|2009||||xxc|||||o f|0| 0 eng|d |
| 020 | |a978-1-100-20304-1 |
| 040 | |aCaOODSP|beng |
| 043 | |an-cn--- |
| 086 | 1 |aPS4-143/2009E-PDF |
| 110 | 1 |aCanada. |bPublic Safety Canada. |
| 245 | 10|a2008-2009 summative evaluation of the Joint Emergency Preparedness Program (JEPP) : |h[electronic resource]|bfinal / |c[by] Emergency Management Policy Directorate. |
| 260 | |aOttawa - Ontario : |bPublic Safety Canada |c28 January 2008. |
| 300 | |a50p.|breferences, tables |
| 590 | |a12-43-Supp|b2012-12-07 |
| 690 | 07|aEmergency preparedness|2gcpds |
| 775 | 08|t2008-2009 évaluation sommative du Programme conjoint de protection civile (PCPC) : |w(CaOODSP)9.639952 |
| 856 | 40|ahttp://publications.gc.ca|qPDF|s438 KB|uhttps://publications.gc.ca/collections/collection_2012/sp-ps/PS4-143-2009-eng.pdf |